000 00387nam a2200145Ia 4500
008 231129s2000||||xx |||||||||||||| ||spa||
020 _a968-24-6196-0
040 _bspa
082 _a305.4 C745m
100 _aConde Gloria
245 0 _aMujer nueva: Ellas. Hay una pequeña diferencia
260 _c2000
264 _aTrillas
942 _2ddc
_cBKS
999 _c21465
_d21465